Univerzitné spin-off spoločnosti v Európe: faktory a politiky ovplyvňujúce ich vznik

Analýza zakladania univerzitných spin-off spoločnosti v krajinách EÚ so zameraním na konkrétne príklady dobrej praxe z krajín strednej Európy. Identifikovanie kľúčových faktorov ovplyvňujúcich pravdepodobnosť založenia spin-off.

Gespeichert in:
Bibliographische Detailangaben
1. Verfasser: Huňady, Ján
Weitere Verfasser: Pisár, Peter
Format: Buchkapitel
Sprache:Slowakisch
Schlagworte:
Tags: Tag hinzufügen
Keine Tags, Fügen Sie das erste Tag hinzu!

MARC

LEADER 00000naa a2200000 4500
001 0228873
005 20241024142153.4
041 0 |a slo 
044 |a CZ 
245 1 0 |a Univerzitné spin-off spoločnosti v Európe: faktory a politiky ovplyvňujúce ich vznik  |c Ján Huňady, Peter Pisár 
520 |a Analýza zakladania univerzitných spin-off spoločnosti v krajinách EÚ so zameraním na konkrétne príklady dobrej praxe z krajín strednej Európy. Identifikovanie kľúčových faktorov ovplyvňujúcich pravdepodobnosť založenia spin-off. 
610 2 0 |a stredná Európa 
610 2 0 |a vedomosti 
610 2 0 |a spin-off firmy 
610 2 0 |a univerzity 
610 2 0 |a stratégia inovačná 
100 1 |a Huňady, Ján 
700 1 |a Pisár, Peter